|
|
|
|
| LEADER |
00000cam a2200000 a 4500 |
| 001 |
vtls008324688 |
| 003 |
SK-MaSNL |
| 005 |
20260302074325.0 |
| 008 |
240318s1975 xo a e 000 0 cze |
| 015 |
|
|
|a SNBA1975
|
| 035 |
|
|
|a SK01SNK19750016905
|
| 035 |
|
|
|a SKM000019368
|
| 040 |
|
|
|a SNK
|b slo
|c SNK
|e AACR2
|
| 041 |
0 |
|
|a cze
|
| 044 |
|
|
|a xo
|c SK
|
| 080 |
|
|
|a 656.21(075.8)
|2 1981
|
| 100 |
1 |
|
|a Flodr, František,
|d 1931-
|4 aut
|9 48101
|
| 245 |
1 |
0 |
|a Technologické postupy práce seřaďovacího nádraží
|c autori: František Flodr, Vlastislav Mojžíš
|
| 250 |
|
|
|a 1. vyd.
|
| 260 |
|
|
|a Bratislava
|b Alfa
|c 1975
|
| 300 |
|
|
|a 149, [3] s., [2] príl.
|b grafy
|c 4°
|
| 366 |
|
|
|e 250 výt.
|
| 490 |
1 |
|
|a Dočasná vysokoškolská učebnica
|
| 650 |
0 |
7 |
|a železničná doprava
|2 SNKPH
|9 3185
|
| 650 |
0 |
7 |
|a zoraďovacie stanice
|2 SNKPH
|9 739829
|
| 655 |
|
7 |
|a učebnice vysokých škôl
|2 SNKPH
|9 70191
|
| 700 |
1 |
|
|a Mojžíš, Vlastislav,
|d 1942-
|4 aut
|9 117897
|
| 830 |
|
0 |
|a Dočasná vysokoškolská učebnica
|9 279156
|
| 958 |
|
|
|a OND
|
| 958 |
|
|
|a TL
|
| 958 |
|
|
|a CZ
|
| 999 |
|
|
|c 1164598
|d 1166528
|
| 952 |
|
|
|a SNK
|b SNK
|y PREZ
|7 0
|p 17A0920501
|o snkSB 21897
|i snkKSP 2235/75
|0 0
|1 0
|4 0
|d 2014-06-03
|f 1
|l 0
|r 2025-03-26 00:00:00
|w 2026-02-24
|
| 952 |
|
|
|a SNK
|b SNK
|y VYP
|7 0
|p 17A1149299
|o snkSB 21897 D1
|i snkKSP 2236/75
|0 0
|1 0
|4 0
|d 2014-06-03
|l 0
|r 2026-02-24 20:45:05
|w 2026-02-24
|